Statistics for All Countries in Order of Population – Hard Version

Click here to take the quiz!

General Stats

  • This quiz has been taken 454 times
  • The average score is 115 of 196

Answer Stats

RankPopulationLetterAnswer% Correct
11,439,323,776CChina
100%
21,380,004,385IIndia
100%
4273,523,615IIndonesia
100%
3331,002,651UUnited States
99%
6212,559,417BBrazil
98%
7206,139,589NNigeria
98%
5220,892,340PPakistan
98%
9145,934,462RRussia
98%
11126,476,461JJapan
97%
8164,689,383BBangladesh
95%
12114,963,588EEthiopia
95%
2265,273,511FFrance
94%
2167,886,011UUnited Kingdom
94%
1597,338,579VVietnam
94%
1983,783,942GGermany
93%
10128,932,753MMexico
93%
14102,334,404EEgypt
92%
2360,461,826IItaly
92%
1689,561,403DD.R. Congo
90%
1883,992,949IIran
90%
13109,581,078PPhilippines
90%
1784,339,067TTurkey
90%
2654,409,800M (B)Myanmar
89%
2753,771,296KKenya
88%
2069,799,978TThailand
88%
4829,825,964YYemen
86%
3245,195,774AArgentina
85%
2559,308,690SSouth Africa
85%
2851,269,185SSouth Korea
85%
2459,734,218TTanzania
84%
3145,741,007UUganda
84%
3343,851,044AAlgeria
83%
2950,882,891CColombia
82%
3046,754,778SSpain
82%
5028,435,940VVenezuela
82%
3837,846,611PPoland
80%
3543,733,762UUkraine
80%
3640,222,493IIraq
79%
4332,971,854PPeru
76%
6518,383,955ZZambia
75%
3937,742,154CCanada
74%
3443,849,260SSudan
74%
4233,469,203UUzbekistan
74%
7414,862,924ZZimbabwe
74%
3738,928,346AAfghanistan
73%
196801VVatican City
72%
5326,378,274I (C)Ivory Coast
71%
19510,824NNauru
71%
19411,792TTuvalu
71%
4731,072,940GGhana
70%
19318,094PPalau
70%
4532,365,999MMalaysia
69%
1372,881,053QQatar
69%
5525,499,884AAustralia
68%
180115,023F (M)F.S. Micronesia
68%
6418,776,707KKazakhstan
68%
19138,128LLiechtenstein
68%
8810,203,134JJordan
67%
19039,242MMonaco
67%
4036,910,560MMorocco
67%
19233,931SSan Marino
67%
4432,866,272AAngola
66%
1165,518,087R (C)Rep. of the Congo
66%
4134,813,871SSaudi Arabia
66%
949,660,351HHungary
65%
4929,136,808NNepal
65%
5624,206,644NNiger
65%
174307,145VVanuatu
65%
8211,402,528HHaiti
64%
5425,778,816NNorth Korea
64%
929,904,607HHonduras
63%
179119,449KKiribati
63%
4631,255,435MMozambique
63%
6917,134,872NNetherlands
63%
18677,265AAndorra
61%
18771,986DDominica
61%
18953,199SSaint Kitts and Nevis
61%
183105,695TTonga
61%
1195,106,626OOman
60%
8910,196,709PPortugal
60%
6119,237,691RRomania
60%
18597,929AAntigua and Barbuda
59%
1155,540,720FFinland
59%
5723,816,775TTaiwan
59%
18859,190MMarshall Islands
58%
182110,940SSaint Vincent and the Grenadines
58%
181112,523GGrenada
57%
6617,915,568GGuatemala
57%
939,890,402UUnited Arab Emirates
57%
1145,792,202DDenmark
56%
7612,952,218RRwanda
56%
175287,375BBarbados
55%
5226,545,863CCameroon
55%
8510,847,910DDominican Republic
55%
1431,318,445E (T)East Timor
55%
6717,643,054EEcuador
55%
1362,961,167JJamaica
55%
178183,627SSaint Lucia
55%
8111,589,623BBelgium
54%
6319,116,201CChile
54%
159896,445FFiji
54%
7513,132,795GGuinea
54%
165625,978LLuxembourg
54%
979,006,398AAustria
53%
5127,691,018MMadagascar
53%
9110,099,265SSweden
53%
173341,243IIceland
52%
1008,655,535IIsrael
52%
8710,423,054GGreece
51%
6020,250,833MMali
51%
5920,903,273BBurkina Faso
50%
9010,139,177AAzerbaijan
49%
172393,244BBahamas
49%
7116,718,965CCambodia
49%
7216,425,864CChad
49%
160869,601CComoros
49%
1106,524,195KKyrgyzstan
49%
177198,414SSamoa
49%
18498,347SSeychelles
49%
1323,473,730UUruguay
49%
8011,673,021BBolivia
48%
7811,890,784BBurundi
48%
1224,937,786IIreland
48%
6219,129,952MMalawi
48%
5821,413,249SSri Lanka
48%
1047,275,560LLaos
47%
6817,500,658SSyria
47%
969,449,323BBelarus
46%
8610,708,981CCzechia
46%
1491,810,934KKosovo
46%
1185,421,241NNorway
46%
176219,159SSao Tome and Principe
46%
7315,893,222SSomalia
46%
1274,270,571KKuwait
45%
7016,743,927SSenegal
45%
1018,654,622SSwitzerland
45%
170437,479BBrunei
44%
158988,000DDjibouti
43%
1116,486,205EEl Salvador
43%
1531,326,535EEstonia
43%
1076,871,292LLibya
43%
1392,722,289LLithuania
43%
169441,543MMalta
43%
1057,132,538PParaguay
43%
8411,193,725SSouth Sudan
43%
1352,963,243AArmenia
42%
8311,326,616CCuba
42%
161786,552GGuyana
42%
1481,886,198LLatvia
42%
1086,825,445LLebanon
42%
168540,544MMaldives
42%
7712,123,200BBenin
41%
959,537,645TTajikistan
41%
171397,628BBelize
40%
167555,987CCape Verde
40%
1471,968,001GGuinea-Bissau
40%
1215,057,681LLiberia
40%
164628,066MMontenegro
40%
1402,540,905NNamibia
40%
1244,822,233NNew Zealand
40%
7911,818,619TTunisia
40%
1382,877,797AAlbania
39%
162771,608BBhutan
39%
1303,989,167GGeorgia
39%
1135,850,342SSingapore
39%
1175,459,642SSlovakia
39%
1028,278,724TTogo
39%
1126,031,200TTurkmenistan
39%
1284,105,267CCroatia
38%
1313,546,421EEritrea
38%
1571,160,164EEswatini
38%
1096,624,554NNicaragua
38%
988,947,024PPapua New Guinea
38%
998,737,371SSerbia
38%
166586,632SSuriname
38%
1501,701,575BBahrain
37%
1432,225,734GGabon
36%
1412,416,668GGambia
36%
1442,142,249LLesotho
36%
1551,271,768MMauritius
36%
1294,033,963MMoldova
36%
1264,314,767PPanama
36%
1037,976,983SSierra Leone
36%
1521,399,488TTrinidad and Tobago
36%
1205,094,118CCosta Rica
35%
1343,278,290MMongolia
35%
163686,884SSolomon Islands
35%
1511,402,985EEquatorial Guinea
34%
1333,280,819BBosnia and Herzegovina
33%
1422,351,627BBotswana
33%
1561,207,359CCyprus
33%
1452,083,374NNorth Macedonia
33%
1462,078,938SSlovenia
33%
1254,649,658MMauritania
32%
1066,948,445BBulgaria
31%
1234,829,767CCentral African Republic
27%

Score Distribution

Percentile by Number Answered

Percent of People with Each Score

Your Score History

You have not taken this quiz